000 00527nam a2200193Ia 4500
005 20250508151709.0
008 008 250505s9999 xx 000 0 eng d
037 _aTextual
040 _aFEDL
_beng
_cFEDL
041 _aeng
_2eng
084 _a372.83, LIT
_qFEDL
100 _aFee Violet
_9759776
245 0 _aWinning the west
260 _aColumbus, USA
_bCharles E. Merrill Books
_c1949
300 _a32p.
700 _a Fee Walter R
_9759777
942 _cTEXL
_h372.83, LIT
999 _c1331506
_d1331506